Contabilidad Finaniciera (Registro nro. 2132)
[ vista simple ]
| 000 -LEADER | |
|---|---|
| fixed length control field | 01198 a2200193 4500 |
| 001 - CONTROL NUMBER | |
| control field | 30873 |
| 005 - DATE AND TIME OF LATEST TRANSACTION | |
| control field | 20260407155617.0 |
| 008 - FIXED-LENGTH DATA ELEMENTS--GENERAL INFORMATION | |
| fixed length control field | 260407a1973 arg spa d |
| 003 - CONTROL NUMBER IDENTIFIER | |
| control field | AR-UNSa-BCEJYS |
| 040 ## - CATALOGING SOURCE | |
| Original cataloging agency | AR-UNSa-BCEJYS |
| Language of cataloging | spa |
| Transcribing agency | AR-UNSa-BCEJYS |
| 080 ## - UNIVERSAL DECIMAL CLASSIFICATION NUMBER | |
| Universal Decimal Classification number | 657.41 |
| Common auxiliary subdivision | Contabilidad Financiera |
| 100 1# - MAIN ENTRY--PERSONAL NAME | |
| Personal name | Mc Neill, I.Eugene |
| 245 10 - TITLE STATEMENT | |
| Title | Contabilidad Finaniciera |
| Name of part/section of a work | Sistema de información para tomar decisiones |
| 264 #1 - PRODUCTION, PUBLICATION, DISTRIBUTION, MANUFACTURE, AND COPYRIGHT NOTICE | |
| Place of production, publication, distribution, manufacture | México : |
| Name of producer, publisher, distributor, manufacturer | Diana |
| Date of production, publication, distribution, manufacture, or copyright notice | 1973 |
| 300 ## - PHYSICAL DESCRIPTION | |
| Extent | 558 p. |
| Dimensions | 23 cm. |
| 505 ## - FORMATTED CONTENTS NOTE | |
| Formatted contents note | 1. Las decisiones tomadas en las empresas y la información - 2. El sistema de información financiera - 3. Determinación y registro de los datos financieros - 4. El uso de cuentas en el procesamiento y control de datos - 5. El uso de diarios para procesamiento y control de datos - 6. Información periódica acerca de los ingresos - 7. Información periódica acerca de los gastos - 8. Información acerca de las mercancías - 9. El problema especial de la depreciación - 10. Valores de los activos - 11. Pasivos - 12. Información acerca del capital contable - 13. Estados financieros - 14. Análisis e información acerca de los fondos |
| 590 ## - LOCAL NOTE (RLIN) | |
| Local note | niveau_biblio:m niveau_hierar:0 |
| 942 ## - ADDED ENTRY ELEMENTS (KOHA) | |
| Koha item type | |
| Withdrawn status | Lost status | Damaged status | Not for loan | Home library | Current library | Shelving location | Date acquired | Total checkouts | Full call number | Barcode | Date last seen | Price effective from | Koha item type |
|---|---|---|---|---|---|---|---|---|---|---|---|---|---|
| Biblioteca Prof. Eusebio Cleto del Rey | Biblioteca Prof. Eusebio Cleto del Rey | 07/04/2026 | 657.41 M478c | L25151 | 07/04/2026 | 07/04/2026 | Libro |